000 00313nam a2200145Ia 4500
100 _aD.E. Knuth
250 _a2
942 _cRB
654 _aC
245 _aArt of Computer programming : Sorting & Searching
260 _bAddison Wesly
_c1998
082 _a5.1
_bKNU
300 _a780
546 _aENGLISH
999 _c21560
_d21560